Normal view
MARC view
- War and emergency powers
Entry Topical Term
001 - CONTROL NUMBER
- control field: 128104
003 - CONTROL NUMBER IDENTIFIER
- control field: NUST
005 - DATE AND TIME OF LATEST TRANSACTION
- control field: 20250303135303.0
008 - FIXED-LENGTH DATA ELEMENTS
- fixed length control field: 250303|| aca||aabn | a|a d
040 ## - CATALOGING SOURCE
- Original cataloging agency: NUST
- Transcribing agency: NUST
150 ## - HEADING--TOPICAL TERM
- Topical term or geographic name entry element: War and emergency powers
- Geographic subdivision: Malaysia
670 ## - SOURCE DATA FOUND
- Source citation: Work cat.: (NUST)0: Das, Cyrus V. 128103, Governments & crisis powers :, 1996.
